000 02194nam0a2200361 4500
001 RU\NLR\bibl\523912
005 20260405085228.0
010 _a5-7677-0740-5
_9500
021 _aRU
_b2004-23208
_91172
035 _a(NLR Aleph) 000516297
090 _a1264899
_c1264899
100 _a20040526d2004 |||y0rusy50 ca
101 0 _arus
102 _aRU
105 _ay |||||||||
200 1 _aПолиция и милиция России
_eЦифры, факты и события
_eУчеб. пособие
_fВ.В. Тимофеев, В.Г. Тимофеев
_gМ-во образования Рос. Федерации, Чуваш. гос. ун-т им. И.Н. Ульянова
210 _aЧебоксары
_cИзд-во Чуваш. ун-та
_d2004
215 _a467 с.
_d20
320 _aБиблиогр.: с. 451-467 (331 назв.) и в подстроч. примеч.
606 0 _aПолиция
_jРуководства, пособия и т.п. для высшей школы
_xИстория
_yРоссия
_92100398
_3RU\NLR\auth\661270360
606 0 _aПолиция
_jУчебные издания для высших учебных заведений
_xИстория
_yРоссия
_92100398
_3RU\NLR\auth\661270360
606 0 _aМилиция
_jРуководства, пособия и т.п. для высшей школы
_xИстория
_yРоссийская Федерация
_92233424
_3RU\NLR\auth\661340464
606 0 _aМилиция
_jУчебные издания для высших учебных заведений
_xИстория
_yРоссийская Федерация
_92233424
_3RU\NLR\auth\661340464
686 _aХ819(2)112.011я73
686 _aХ621.163.1-1я73
700 1 _4070
_7ca
_8rus
_aТимофеев
_bВ. В.
_cканд. юрид. наук.
_gВиктор Валерьевич
_914262
_3RU\NLR\auth\7731252
701 1 _4070
_7ca
_8rus
_aТимофеев
_bВ. Г.
_cд-р юрид. наук, история права.
_f1937-
_gВалерий Георгиевич
_914243
_3RU\NLR\auth\7731233
801 0 _aRU
_bNLR
_c20040526
_gPSBO
801 1 _aRU
_bNLR
_c20040526
830 _aАвт. по кн.
942 _cBOOK
980 _aNB